00598cam a22001692 4500001001100000005001700011008004100028040001500069110006100084245008300145250001300228260004200241300001600283610006500299610006100364852000300425000002483020151217155917.0140212s xx 000 0 eng d aKABUcKABU2 aKenya.bMinistry of Devolution and Planning.@000018505810aUasin Gishu County development profile /cMinistry of Devolution and Planning. a1st ed. aNairobi :bGovernment Printer,c2013. axvi, 106 p.20aUasin Gishu County (Kenya)xEconomic conditions.@000018509820aUasin Gishu County (Kenya)xEconomic policy.@00001850981